000
00294nam a22001217a 4500
040
_c
rua
082
_a
519 JOH 2001 C220 Or.
100
_a
Montgomery, Douglas C.
245
_a
Design and analysis of experiments
260
_a
phnom penh
_b
rua
_c
2003
300
_a
xii.680p.
_b
ill.
942
_c
REC
999
_c
21574
_d
21574